| 000 | 00470nam a22001577a 4500 | ||
|---|---|---|---|
| 005 | 20260219020053.0 | ||
| 008 | 260219b |||||||| |||| 00| 0 eng d | ||
| 020 | _a971 08 6261 8 | ||
| 040 | _cJHCSC | ||
| 082 | _2005.3 | ||
| 100 |
_910165 _aRicardo M. Harina _eAuthor |
||
| 245 |
_aFinancial Programming _bFor Business and Cooperatives |
||
| 260 |
_aMandaluyong City _bCacho Hermanos, Inc _c2002 |
||
| 300 |
_avii, 489 pages _bIncludes Illustrations |
||
| 942 |
_2ddc _cBOOK |
||
| 999 |
_c11352 _d11352 |
||